00384cam a2200133ua 4500020001700000082001900017100002200036100002200058100001800080245007900098250000900177260005500186300000900241 a978818321139 a631.56bSUR/PO aSuresh Kumar, P . aKanwat, Manish . aSagar, V.R . aPost Harvest Physiology and Quality Management of Fruits and Vegetables /  a1 st aUdaipur : bAgro-tech Publishing Academy , c2009. a ; .